01089cam a2200277 a 450000100040000000500170000402000370002102000340005804000690009205000220016108200140018310000190019724500820021625000120029826000320031030000410034250500060038352002490038952100180063852100180065665000310067465000220070565000220072765500290074970000330077851620250828094646.0 a9780805081503 (hc. : alk. paper) a080508150X (hc. : alk. paper) aDLCcDLCdBKXdBTCTAdBAKERdLF8dYDXCPdEHHdIXAdVP@dDLCbeng00aPZ7.J675bEm 200700a813.62221 aJonell, Lynne.10aEmmy and the incredible shrinking rat /cLynne Jonell ; art by Jonathan Bean. a1st ed. aNew York :bH. Holt,c2007. a346 pages :billustrations ;c22 cm. aM aWhen Emmy discovers that she and her formerly loving parents are being drugged by their evil nanny with rodent potions that can change people in frightening ways, she and some new friends must try everything possible to return things to normal. a690 bLexile aM bRaz-Plus 0aRodentsvJuvenile fiction. 1aRodentsvFiction. 1aHumorous stories. 7aHumorous fiction.2gsafd1 aBean, Jonathan,d1979-eill.